Statistics for Bob Marley Discography

Click here to take the quiz!

General Stats

  • This quiz has been taken 53 times
  • The average score is 14 of 46

Answer Stats

TypeYearName% Correct
Album1977Exodus
87%
Album1980Uprising
87%
Compilation1984Legend
85%
Album1978Kaya
82%
Album1973Catch a Fire
74%
Album1973Burnin'
69%
Album1979Survival
67%
Album1983Confrontation
59%
Live Album1975Live!
59%
Album1976Rastaman Vibration
56%
Album1974Natty Dread
51%
Live Album1978Babylon by Bus
49%
Soundtrack2012Marley
38%
Album1965The Wailing Wailers
33%
Live Album1991Talkin' Blues
31%
Compilation2001One Love: The Very Best of Bob Marley & The Wailers
28%
Box Set1992Songs of Freedom
28%
Compilation1995Natural Mystic: The Legend Lives On
26%
Compilation2005Africa Unite: The Singles Collection
23%
Compilation2005Gold
23%
Compilation1986Rebel Music
23%
Compilation1973African Herbsman
21%
Remix Album2009B Is for Bob
21%
Remix Album1999Chant Down Babylon
21%
Album1970Soul Rebels
21%
Album1971Soul Revolution
21%
Remix Album2013Legend: Remixed
18%
Live Album2003Live at the Roxy
18%
Live Album2011Live Forever: The Stanley Theatre, Pittsburgh, PA, September 23, 1980
18%
Album1971The Best of The Wailers
18%
Remix Album2012In Dub, Vol. 1
15%
Compilation1974Rasta Revolution
15%
Live Album2015Easy Skanking in Boston '78
13%
Box Set2017Exodus 40 - The Movement Continues
13%
Interview Album1982Interviews
13%
Remix Album2007Roots, Rock, Remixed
13%
Remix Album1993The Never Ending Wailers
13%
Box Set1997The Complete Bob Marley & the Wailers 1967-1972
10%
Remix Album1997Dreams of Freedom: Ambient Translations in Dub
8%
Box Set1982The Box Set
8%
Box Set2004Grooving Kingston 12
5%
Box Set2004Fy-ah, Fy-ah
3%
Box Set2004Man to Man
3%
Box Set2000The Complete Upsetter Collection
3%
Box Set2002The Upsetter Singles Box
3%
Compilation1988Bob Marley & The Waiters - All The Hits
0%

Score Distribution

Percentile by Number Answered

Percent of People with Each Score

Your Score History

You have not taken this quiz